Online Catalogue and eLibrary

The world's worst disasters of the twentieth century (Record no. 3060)

MARC details
000 -LEADER
fixed length control field 00612nam a2200157Ia 4500
005 - DATE AND TIME OF LATEST TRANSACTION
control field 20240906071306.0
008 - FIXED-LENGTH DATA ELEMENTS--GENERAL INFORMATION
fixed length control field 240331s9999 xx 000 0 und d
020 ## - INTERNATIONAL STANDARD BOOK NUMBER
ISBN 1851528725
082 ## - DDC Classification
Class No. 658.477
100 ## - MAIN ENTRY--PERSONAL NAME
Personal name Hamlyn
245 #4 - TITLE STATEMENT
Title The world's worst disasters of the twentieth century
260 ## - PUBLICATION, DISTRIBUTION, ETC.
Place of publication, distribution, etc. London
Name of publisher, distributor, etc. Octopus Publishing Group Ltd
Date of publication, distribution, etc. 1997
300 ## - PHYSICAL DESCRIPTION
Extent (e.g. Volumes, Pages etc.) 192 p .,
500 ## - GENERAL NOTE
General note This book vividly portrays two basic kinds of disasters. firstly, the natural catastrophes such as earthquakes, floods and hurricanes, and secondly, the horrifying disasters caused by man's interaction with nature.
942 ## - Koha item type (Biblio)
Koha item type Books in Stacks (Lending)
Holdings
Lost status Damaged status Collection code Home library Current library Shelving location Date acquired Full call number Accession Number Item type
    Lending WERC Library WERC Library Social Science Cupboard 03/31/2024 658.477HAM 5728 Books in Stacks (Lending)

© WERC Library